| 000 | 00311nam a22001097a 4500 | ||
|---|---|---|---|
| 008 | 230704b xxu||||| |||| 00| 0 eng d | ||
| 082 |
_a363.9 _bAFP |
||
| 245 | _ainternational Meeting of Parliamentarians on population and Social Development (IMPPSD) | ||
| 260 |
_aDenmark _c1995 |
||
| 300 | _a14p | ||
| 942 |
_2ddc _cBK |
||
| 999 |
_c3912 _d3912 |
||